Govt. of
Madhya Pradesh

Evidence for A Future Life (Record no. 38365)

MARC details
000 -LEADER
fixed length control field 004250000a22001690004500
003 - CONTROL NUMBER IDENTIFIER
control field MACL
005 - DATE AND TIME OF LATEST TRANSACTION
control field 20151229174825.0
008 - FIXED-LENGTH DATA ELEMENTS--GENERAL INFORMATION
fixed length control field 151229b xxu||||| |||| 00| 0 eng d
040 ## - CATALOGING SOURCE
Original cataloging agency MACL
Transcribing agency MACL
041 ## - LANGUAGE CODE
Language code of text/sound track or separate title English
082 ## - DEWEY DECIMAL CLASSIFICATION NUMBER
Classification number 218/DEL
100 ## - MAIN ENTRY--PERSONAL NAME
Personal name Delanne, Gabrile
9 (RLIN) 24484
245 ## - TITLE STATEMENT
Title Evidence for A Future Life
260 ## - PUBLICATION, DISTRIBUTION, ETC. (IMPRINT)
Name of publisher, distributor, etc. William Rider and Son Ltd
Date of publication, distribution, etc. 1909
650 ## - SUBJECT ADDED ENTRY--TOPICAL TERM
Topical term or geographic name as entry element Religion
9 (RLIN) 24485
942 ## - ADDED ENTRY ELEMENTS (KOHA)
Koha item type Books
Call number prefix 218/DEL
Source of classification or shelving scheme
Holdings
Withdrawn status Lost status Source of classification or shelving scheme Damaged status Not for loan Home library Current library Date acquired Total Checkouts Full call number Barcode Date last seen Uniform Resource Identifier Price effective from Koha item type
          MACL MACL 15/04/2015   218/DEL CLE004893 29/04/2015 38587 15/04/2015 Books